| 000 | 00738cam a2200205 4500 | ||
|---|---|---|---|
| 001 | WB3722-10 | ||
| 008 | 000000n2001 000 0 eng u | ||
| 035 | _a(Sirsi) u112958 | ||
| 245 | _aProperty dot com on hold | ||
| 260 | _c2001 | ||
| 490 |
_aProperty Week _v66(22) 1 June 2001, 10(1) |
||
| 520 | _aPlans to launch a Europe-wide internet portal for property listing services and trading platform have been scaled down as Jones Lang LaSalle, DTZ and CB Richard Ellis have failed to attract new partners to invest in the project. | ||
| 590 | _aWB | ||
| 650 | _aE-COMMERCE | ||
| 650 | _aINTERNET SERVICE | ||
| 650 | _aINTERNET PORTALS | ||
| 650 | _aPROPERTY LISTINGS | ||
| 690 | _aINFORMATION TECHNOLOGY-INTERNET | ||
| 942 | _n0 | ||
| 999 |
_c67245 _d67245 |
||